[Event "DSJ Weihnachtsturnier U20 2020"]
[Site "https://play.chessbase.com/en/play?room=DSJWeihnachtU20"]
[Date "2020.12.29"]
[Round "6"]
[White "Wiese, Erik"]
[Black "Rehpenn, Tom"]
[Result "1-0"]
[Termination "normal"]
[Board "19.2"]
[WhiteElo "1613"]
[BlackElo "1419"]
[WhiteTeam "Think Rochade - SC HRO"]
[BlackTeam "TuS Varrel"]
[PlyCount "65"]
[WhiteFideId "16271602"]
[BlackFideId "16254708"]
[EventRounds "7"]
[EventType "team-swiss"]
[EventDate "2020.12.29"]

1. c4 {[%emt 0:00:04]} e5 {[%emt 0:00:03]} 2. Nc3 {[%emt 0:00:01]} Nf6 { [%emt
0:00:02]} 3. g3 {[%emt 0:00:01]} Bc5 {[%emt 0:00:09]} 4. Bg2 {[%emt 0:00:02]}
d6 {[%emt 0:00:03]} 5. e3 {[%emt 0:00:02]} Bf5 {[%emt 0:00:04]} 6. Nge2 { [%emt
0:00:03]} Nc6 {[%emt 0:00:08]} 7. a3 {[%emt 0:00:02]} a5 {[%emt 0:00:11]} 8.
O-O {[%emt 0:00:08]} O-O {[%emt 0:00:10]} 9. d4 {[%emt 0:00:04]} exd4 { [%emt
0:00:11]} 10. Nxd4 {[%emt 0:00:09]} Bxd4 {[%emt 0:00:08]} 11. exd4 { [%emt
0:00:03]} Re8 {[%emt 0:00:05]} 12. Bg5 {[%emt 0:00:06]} h6 {[%emt 0:00:23]} 13.
Be3 {[%emt 0:00:13]} Ne4 {[%emt 0:00:18]} 14. Re1 {[%emt 0:01:29]} Nxc3 {[%emt
0:00:06]} 15. bxc3 {[%emt 0:00:02]} d5 {[%emt 0:00:08]} 16. cxd5 { [%emt
0:00:13]} Ne7 {[%emt 0:00:16]} 17. c4 {[%emt 0:00:19]} c6 {[%emt 0:00:11] } 18.
dxc6 {[%emt 0:00:22]} Nxc6 {[%emt 0:00:13]} 19. d5 {[%emt 0:00:17]} Ne5 { [%emt
0:00:13]} 20. Qb3 {[%emt 0:00:12]} Ng4 {[%emt 0:00:14]} 21. Bb6 {[%emt
0:00:22]} Qd6 {[%emt 0:00:21]} 22. c5 {[%emt 0:00:11]} Qxd5 {[%emt 0:00:11]}
23. Qxd5 {[%emt 0:00:18]} Rxe1+ {[%emt 0:00:39]} 24. Rxe1 {[%emt 0:00:04]} Nf6
{ [%emt 0:00:25]} 25. Qxf5 {[%emt 0:00:04]} a4 {[%emt 0:00:16]} 26. Bxb7 {
[%emt 0:00:05]} Rb8 {[%emt 0:00:06]} 27. Bf3 {[%emt 0:00:13]} Kf8 {[%emt
0:00:11]} 28. Qe5 {[%emt 0:00:08]} Nd7 {[%emt 0:00:06]} 29. Qe7+ {[%emt
0:00:03]} Kg8 {[%emt 0:00:05]} 30. Qxd7 {[%emt 0:00:03]} Kh7 {[%emt 0:00:03]}
31. Qxf7 { [%emt 0:00:06]} Kh8 {[%emt 0:00:07]} 32. Re7 {[%emt 0:00:04]} Kh7
{[%emt 0:00:07]} 33. Qxg7# {[%emt 0:00:02]} 1-0

[Event "DSJ Weihnachtsturnier U20 2020"]
[Site "https://play.chessbase.com/en/play?room=DSJWeihnachtU20"]
[Date "2020.12.29"]
[Round "6"]
[White "Scheuer, Adrian"]
[Black "Schelhorn, Paul"]
[Result "0-1"]
[Termination "normal"]
[Board "20.1"]
[WhiteElo "1600"]
[BlackElo "1730"]
[WhiteTeam "SC 1948 Ersingen"]
[BlackTeam "Schachfreunde 1974 Heinsberg"]
[PlyCount "58"]
[WhiteFideId "34673741"]
[BlackFideId "12964077"]
[EventRounds "7"]
[EventType "team-swiss"]
[EventDate "2020.12.29"]

1. e4 {[%emt 0:00:05]} d6 {[%emt 0:00:01]} 2. d4 {[%emt 0:00:02]} g6 {[%emt
0:00:01]} 3. c4 {[%emt 0:00:03]} Bg7 {[%emt 0:00:01]} 4. Nc3 {[%emt 0:00:01]}
c6 {[%emt 0:00:02]} 5. Nf3 {[%emt 0:00:08]} Bg4 {[%emt 0:00:01]} 6. h3 {[%emt
0:00:10]} Bxf3 {[%emt 0:00:01]} 7. gxf3 {[%emt 0:00:03]} Nd7 {[%emt 0:00:01]}
8. Be3 {[%emt 0:00:18]} Ngf6 {[%emt 0:00:11]} 9. Qb3 {[%emt 0:00:11]} Qc7 {
[%emt 0:00:43]} 10. O-O-O {[%emt 0:00:17]} a5 {[%emt 0:00:07]} 11. a3 {[%emt
0:00:13]} Rb8 {[%emt 0:00:09]} 12. Be2 {[%emt 0:00:24]} O-O {[%emt 0:00:37]}
13. f4 {[%emt 0:00:28]} b5 {[%emt 0:00:08]} 14. cxb5 {[%emt 0:00:05]} cxb5 {
[%emt 0:00:04]} 15. Bxb5 {[%emt 0:00:04]} Nxe4 {[%emt 0:00:10]} 16. a4 { [%emt
0:00:13]} Rfc8 {[%emt 0:00:16]} 17. Kb1 {[%emt 0:00:28]} Nxc3+ {[%emt 0:00:26]}
18. bxc3 {[%emt 0:00:03]} Nb6 {[%emt 0:00:02]} 19. Rc1 {[%emt 0:00:19]} Nxa4
{[%emt 0:00:06]} 20. Qxa4 {[%emt 0:00:04]} Rxb5+ {[%emt 0:00:06]} 21. Ka2
{[%emt 0:00:18]} Qb6 {[%emt 0:00:22]} 22. Rb1 {[%emt 0:00:13]} Rxb1 {[%emt
0:00:01]} 23. Rxb1 {[%emt 0:00:03]} Qc7 {[%emt 0:00:01]} 24. f5 {[%emt
0:00:19]} gxf5 {[%emt 0:00:09]} 25. Rg1 {[%emt 0:00:21]} Rb8 {[%emt 0:00:25]}
26. Bh6 { [%emt 0:00:14]} Qxc3 {[%emt 0:00:59]} 27. Rxg7+ {[%emt 0:00:23]} Kh8
{[%emt 0:00:03]} 28. Qa3 {[%emt 0:03:55]} Qc2+ {[%emt 0:00:05]} 29. Ka1 {[%emt
0:00:01]} Rb1# {[%emt 0:00:02]} 0-1

[Event "DSJ Weihnachtsturnier U20 2020"]
[Site "https://play.chessbase.com/en/play?room=DSJWeihnachtU20"]
[Date "2020.12.29"]
[Round "6"]
[White "Benz, Leon"]
[Black "Förster, Fabio"]
[Result "0-1"]
[Termination "normal"]
[Board "20.2"]
[WhiteElo "1639"]
[BlackElo "1602"]
[WhiteTeam "Schachfreunde 1974 Heinsberg"]
[BlackTeam "SC 1948 Ersingen"]
[PlyCount "82"]
[WhiteFideId "16294602"]
[BlackFideId "16297571"]
[EventRounds "7"]
[EventType "team-swiss"]
[EventDate "2020.12.29"]

1. d4 {[%emt 0:00:09]} d5 {[%emt 0:00:15]} 2. Bf4 {[%emt 0:00:02]} Nf6 { [%emt
0:00:14]} 3. e3 {[%emt 0:00:04]} g6 {[%emt 0:00:03]} 4. Nf3 {[%emt 0:00:02]}
Bg7 {[%emt 0:00:03]} 5. c3 {[%emt 0:00:02]} O-O {[%emt 0:00:04]} 6. Bd3 { [%emt
0:00:01]} e6 {[%emt 0:00:19]} 7. Nbd2 {[%emt 0:00:05]} Nbd7 {[%emt 0:00:07]} 8.
O-O {[%emt 0:00:14]} c5 {[%emt 0:00:05]} 9. e4 {[%emt 0:00:06]} dxe4 { [%emt
0:00:25]} 10. Nxe4 {[%emt 0:00:04]} cxd4 {[%emt 0:00:10]} 11. Nxd4 { [%emt
0:00:07]} Nxe4 {[%emt 0:00:08]} 12. Bxe4 {[%emt 0:00:02]} e5 {[%emt 0:00:07]}
13. Bxe5 {[%emt 0:00:48]} Nxe5 {[%emt 0:00:07]} 14. Nf3 {[%emt 0:00:07]} Qxd1
{[%emt 0:00:08]} 15. Raxd1 {[%emt 0:00:03]} Bg4 {[%emt 0:00:11]} 16. Bxb7
{[%emt 0:00:11]} Rab8 {[%emt 0:00:08]} 17. Bd5 {[%emt 0:01:20]} Bxf3 {[%emt
0:00:08]} 18. gxf3 {[%emt 0:00:06]} Rxb2 {[%emt 0:00:23]} 19. Rfe1 {[%emt
0:00:18]} Rb5 {[%emt 0:00:54]} 20. Bb3 {[%emt 0:00:09]} Nxf3+ {[%emt 0:00:05]}
21. Kg2 {[%emt 0:00:15]} Nxe1+ {[%emt 0:00:01]} 22. Rxe1 {[%emt 0:00:00]} Bxc3
{ [%emt 0:00:06]} 23. Rc1 {[%emt 0:00:04]} Bg7 {[%emt 0:00:08]} 24. Rc7 {[%emt
0:00:05]} Rf5 {[%emt 0:00:36]} 25. Rxa7 {[%emt 0:00:58]} Rxf2+ {[%emt 0:00:07]}
26. Kxf2 {[%emt 0:00:47]} Bd4+ {[%emt 0:00:01]} 27. Kg2 {[%emt 0:00:15]} Bxa7 {
[%emt 0:00:01]} 28. a4 {[%emt 0:00:09]} Kg7 {[%emt 0:00:01]} 29. h4 {[%emt
0:00:03]} Rd8 {[%emt 0:00:03]} 30. Bc4 {[%emt 0:00:06]} Rd4 {[%emt 0:00:03]}
31. Bb5 {[%emt 0:00:02]} Rxh4 {[%emt 0:00:05]} 32. Kg3 {[%emt 0:00:03]} Rh5 {
[%emt 0:00:03]} 33. Kf3 {[%emt 0:00:04]} Rg5 {[%emt 0:00:02]} 34. Bc4 {[%emt
0:00:07]} f6 {[%emt 0:00:02]} 35. Bb5 {[%emt 0:00:06]} h5 {[%emt 0:00:01]} 36.
Be2 {[%emt 0:00:21]} h4 {[%emt 0:00:02]} 37. Kf4 {[%emt 0:00:27]} h3 {[%emt
0:00:07]} 38. Bf3 {[%emt 0:00:02]} h2 {[%emt 0:00:02]} 39. Bh1 {[%emt 0:00:11]}
Rg1 {[%emt 0:00:03]} 40. Bf3 {[%emt 0:00:02]} h1=Q {[%emt 0:00:03]} 41. Bxh1 {
[%emt 0:00:00]} Rxh1 {[%emt 0:00:01]} 0-1

[Event "DSJ Weihnachtsturnier U20 2020"]
[Site "https://play.chessbase.com/en/play?room=DSJWeihnachtU20"]
[Date "2020.12.29"]
[Round "6"]
[White "Ruf, David"]
[Black "Hoffknecht, Philipp"]
[Result "0-1"]
[Termination "normal"]
[Board "20.3"]
[WhiteElo "1581"]
[BlackElo "1575"]
[WhiteTeam "SC 1948 Ersingen"]
[BlackTeam "Schachfreunde 1974 Heinsberg"]
[PlyCount "136"]
[WhiteFideId "16297636"]
[BlackFideId "16294629"]
[EventRounds "7"]
[EventType "team-swiss"]
[EventDate "2020.12.29"]

1. d4 {[%emt 0:00:04]} d5 {[%emt 0:00:13]} 2. c4 {[%emt 0:00:06]} c6 {[%emt
0:00:15]} 3. Nc3 {[%emt 0:00:05]} Nf6 {[%emt 0:00:06]} 4. Nf3 {[%emt 0:00:06]}
Bf5 {[%emt 0:00:05]} 5. e3 {[%emt 0:00:05]} e6 {[%emt 0:00:11]} 6. cxd5 { [%emt
0:00:16]} cxd5 {[%emt 0:00:05]} 7. Bb5+ {[%emt 0:00:04]} Nc6 {[%emt 0:00:03]}
8. Ne5 {[%emt 0:00:48]} Qc7 {[%emt 0:00:17]} 9. Qa4 {[%emt 0:00:06]} Rc8 {
[%emt 0:00:17]} 10. Qxa7 {[%emt 0:00:17]} Bd6 {[%emt 0:00:11]} 11. Bxc6+ {
[%emt 0:01:11]} bxc6 {[%emt 0:00:11]} 12. Qxc7 {[%emt 0:00:05]} Rxc7 {[%emt
0:00:01]} 13. Nf3 {[%emt 0:00:17]} O-O {[%emt 0:00:06]} 14. O-O {[%emt
0:00:04]} Rb8 {[%emt 0:00:14]} 15. b3 {[%emt 0:00:17]} Bd3 {[%emt 0:00:07]} 16.
Rd1 { [%emt 0:00:23]} Bc2 {[%emt 0:00:07]} 17. Rd2 {[%emt 0:00:04]} Bf5 {[%emt
0:00:07]} 18. Bb2 {[%emt 0:00:03]} Bb4 {[%emt 0:00:18]} 19. Re2 {[%emt
0:00:41]} Bd3 {[%emt 0:00:25]} 20. Rd2 {[%emt 0:00:11]} Bf5 {[%emt 0:00:15]}
21. Rdd1 { [%emt 0:00:55]} c5 {[%emt 0:00:06]} 22. Rac1 {[%emt 0:00:07]} cxd4
{[%emt 0:00:04]} 23. Nxd4 {[%emt 0:00:15]} Bg4 {[%emt 0:00:24]} 24. f3 {[%emt
0:00:11]} Bh5 {[%emt 0:00:12]} 25. e4 {[%emt 0:00:25]} dxe4 {[%emt 0:00:06]}
26. Nxe4 { [%emt 0:00:08]} Rxc1 {[%emt 0:00:06]} 27. Nxf6+ {[%emt 0:00:07]}
gxf6 {[%emt 0:00:06]} 28. Rxc1 {[%emt 0:00:03]} Bd2 {[%emt 0:00:35]} 29. Rd1
{[%emt 0:00:29]} Be3+ {[%emt 0:00:06]} 30. Kf1 {[%emt 0:00:05]} Rd8 {[%emt
0:00:08]} 31. Ke2 { [%emt 0:00:12]} Bg5 {[%emt 0:00:13]} 32. Nc6 {[%emt
0:01:12]} Rxd1 {[%emt 0:00:11]} 33. Kxd1 {[%emt 0:00:04]} f5 {[%emt 0:00:05]}
34. Ne7+ {[%emt 0:00:06]} Bxe7 {[%emt 0:00:03]} 35. a4 {[%emt 0:00:09]} Bb4
{[%emt 0:00:04]} 36. Ke2 { [%emt 0:00:10]} f4 {[%emt 0:00:14]} 37. Be5 {[%emt
0:00:14]} Bg6 {[%emt 0:00:13]} 38. Kd1 {[%emt 0:00:05]} Kf8 {[%emt 0:00:06]}
39. Bxf4 {[%emt 0:00:03]} Ke7 {[%emt 0:00:16]} 40. Bd2 {[%emt 0:00:11]} Bxd2
{[%emt 0:00:05]} 41. Kxd2 { [%emt 0:00:00]} Kd6 {[%emt 0:00:02]} 42. f4 {[%emt
0:00:25]} Kc5 {[%emt 0:00:03]} 43. Kc3 {[%emt 0:00:04]} Be4 {[%emt 0:00:09]}
44. g3 {[%emt 0:00:02]} f6 { [%emt 0:00:05]} 45. b4+ {[%emt 0:00:02]} Kb6
{[%emt 0:00:02]} 46. Kd4 {[%emt 0:00:02]} Bf5 {[%emt 0:00:10]} 47. Kc4 {[%emt
0:00:05]} e5 {[%emt 0:00:05]} 48. a5+ {[%emt 0:00:05]} Kc6 {[%emt 0:00:04]} 49.
b5+ {[%emt 0:00:02]} Kb7 { [%emt 0:00:02]} 50. fxe5 {[%emt 0:00:13]} fxe5
{[%emt 0:00:03]} 51. Kc5 { [%emt 0:00:01]} e4 {[%emt 0:00:07]} 52. a6+ {[%emt
0:00:03]} Ka7 {[%emt 0:00:03]} 53. b6+ {[%emt 0:00:11]} Kxa6 {[%emt 0:00:08]}
54. Kc6 {[%emt 0:00:01]} Bc8 {[%emt 0:00:02]} 55. Kc7 {[%emt 0:00:02]} Bb7
{[%emt 0:00:02]} 56. Kd6 { [%emt 0:00:03]} e3 {[%emt 0:00:01]} 57. Ke7 {[%emt
0:00:03]} Kxb6 {[%emt 0:00:01]} 58. Kf6 {[%emt 0:00:00]} e2 {[%emt 0:00:01]}
59. Kg7 {[%emt 0:00:00]} e1=Q {[%emt 0:00:02]} 60. Kxh7 {[%emt 0:00:00]} Qg1
{[%emt 0:00:02]} 61. g4 { [%emt 0:00:00]} Qxg4 {[%emt 0:00:03]} 62. h4 {[%emt
0:00:02]} Be4+ {[%emt 0:00:09]} 63. Kh6 {[%emt 0:00:03]} Qxh4+ {[%emt 0:00:07]}
64. Kg7 {[%emt 0:00:03]} Qh7+ {[%emt 0:00:06]} 65. Kf8 {[%emt 0:00:01]} Kc6
{[%emt 0:00:05]} 66. Ke8 { [%emt 0:00:03]} Kd6 {[%emt 0:00:02]} 67. Kf8 {[%emt
0:00:03]} Ke6 {[%emt 0:00:04]} 68. Ke8 {[%emt 0:00:03]} Qe7# {[%emt 0:00:02]}
0-1

[Event "DSJ Weihnachtsturnier U20 2020"]
[Site "https://play.chessbase.com/en/play?room=DSJWeihnachtU20"]
[Date "2020.12.29"]
[Round "6"]
[White "Nishchyk, Sergej"]
[Black "Anderson, Kim"]
[Result "1/2-1/2"]
[Termination "normal"]
[Board "20.4"]
[WhiteElo "1258"]
[BlackElo "1122"]
[WhiteTeam "Schachfreunde 1974 Heinsberg"]
[BlackTeam "SC 1948 Ersingen"]
[PlyCount "30"]
[EventRounds "7"]
[EventType "team-swiss"]
[EventDate "2020.12.29"]

1. d4 {[%emt 0:00:03]} d5 {[%emt 0:00:04]} 2. c4 {[%emt 0:00:01]} e6 {[%emt
0:00:28]} 3. Nf3 {[%emt 0:00:14]} f6 {[%emt 0:00:10]} 4. Nc3 {[%emt 0:00:08]}
Bb4 {[%emt 0:00:41]} 5. Qa4+ {[%emt 0:00:12]} Nc6 {[%emt 0:00:18]} 6. Bd2
{[%emt 0:00:24]} Be7 {[%emt 0:00:27]} 7. g3 {[%emt 0:01:09]} Bd7 {[%emt
0:00:06]} 8. Qc2 {[%emt 0:00:04]} e5 {[%emt 0:00:17]} 9. dxe5 {[%emt 0:00:59]}
fxe5 {[%emt 0:00:08]} 10. Nxd5 {[%emt 0:00:06]} Nf6 {[%emt 0:00:24]} 11. Bc3
{[%emt 0:00:54]} Bd6 {[%emt 0:00:51]} 12. O-O-O {[%emt 0:01:43]} O-O {[%emt
0:01:23]} 13. Ng5 { [%emt 0:00:44]} g6 {[%emt 0:01:45]} 14. f4 {[%emt 0:01:34]}
exf4 {[%emt 0:00:24]} 15. Nxf6+ {[%emt 0:00:17]} Rxf6 {[%emt 0:00:36]
Ersingen004 offers a draw} 1/2-1/2

[Event "DSJ Weihnachtsturnier U20 2020"]
[Site "https://play.chessbase.com/en/play?room=DSJWeihnachtU20"]
[Date "2020.12.29"]
[Round "6"]
[White "Weidner, Markus"]
[Black "Hupfer, Maurice"]
[Result "1-0"]
[Termination "normal"]
[Board "21.1"]
[WhiteElo "1667"]
[BlackElo "1484"]
[WhiteTeam "SV Dresden-Striesen 1990"]
[BlackTeam "Schachfreunde Greiz"]
[PlyCount "101"]
[WhiteFideId "16236920"]
[BlackFideId "34641475"]
[EventRounds "7"]
[EventType "team-swiss"]
[EventDate "2020.12.29"]

1. e4 {[%emt 0:00:04]} c5 {[%emt 0:00:03]} 2. Nf3 {[%emt 0:00:01]} Nc6 { [%emt
0:00:03]} 3. d4 {[%emt 0:00:01]} cxd4 {[%emt 0:00:03]} 4. Nxd4 {[%emt 0:00:01]}
a6 {[%emt 0:00:01]} 5. c4 {[%emt 0:00:03]} e6 {[%emt 0:00:02]} 6. Nc3 { [%emt
0:00:01]} Nge7 {[%emt 0:00:02]} 7. Be3 {[%emt 0:00:21]} g6 {[%emt 0:00:03]} 8.
a3 {[%emt 0:00:07]} Bg7 {[%emt 0:00:04]} 9. Be2 {[%emt 0:00:05]} O-O { [%emt
0:00:03]} 10. O-O {[%emt 0:00:01]} b6 {[%emt 0:00:11]} 11. Qd2 {[%emt 0:00:09]}
Bb7 {[%emt 0:00:03]} 12. f3 {[%emt 0:00:07]} Rc8 {[%emt 0:00:19]} 13. Nxc6
{[%emt 0:00:05]} Nxc6 {[%emt 0:00:05]} 14. Na4 {[%emt 0:00:17]} Na5 { [%emt
0:00:18]} 15. Bxb6 {[%emt 0:01:25]} Nb3 {[%emt 0:00:04]} 16. Qb4 { [%emt
0:01:09]} Bd4+ {[%emt 0:00:25]} 17. Kh1 {[%emt 0:00:35]} Bxb6 {[%emt 0:00:19]}
18. Nxb6 {[%emt 0:00:25]} Nxa1 {[%emt 0:00:13]} 19. Nxc8 {[%emt 0:00:06]} Nc2
{[%emt 0:00:53]} 20. Ne7+ {[%emt 0:00:10]} Kg7 {[%emt 0:00:10]} 21. Qc3+ {[%emt
0:00:05]} f6 {[%emt 0:00:08]} 22. Nxg6 {[%emt 0:00:34]} hxg6 { [%emt 0:00:06]}
23. Qxc2 {[%emt 0:00:01]} Rh8 {[%emt 0:00:02]} 24. g4 {[%emt 0:00:47]} Qc7
{[%emt 0:00:07]} 25. Rf2 {[%emt 0:00:02]} d5 {[%emt 0:00:09]} 26. Bd3 {[%emt
0:00:25]} d4 {[%emt 0:00:33]} 27. b4 {[%emt 0:00:07]} Qg3 {[%emt 0:00:35]} 28.
Qe2 {[%emt 0:00:20]} Qf4 {[%emt 0:00:22]} 29. Qd2 {[%emt 0:00:10]} Qg3 {[%emt
0:00:09]} 30. b5 {[%emt 0:00:44]} f5 {[%emt 0:00:26]} 31. bxa6 { [%emt
0:00:29]} Ba8 {[%emt 0:00:16]} 32. Qb2 {[%emt 0:00:22]} e5 {[%emt 0:00:12]} 33.
gxf5 {[%emt 0:00:13]} Rxh2+ {[%emt 0:01:19]} 34. Rxh2 {[%emt 0:00:02]} Qxf3+
{[%emt 0:00:02]} 35. Qg2 {[%emt 0:00:32]} Qd1+ {[%emt 0:00:32]} 36. Qg1 { [%emt
0:00:48]} Qf3+ {[%emt 0:00:52]} 37. Qg2 {[%emt 0:00:02]} Qd1+ {[%emt 0:00:03]}
38. Qf1 {[%emt 0:00:15]} Bxe4+ {[%emt 0:00:28]} 39. Kg1 {[%emt 0:00:00] } Qg4+
{[%emt 0:00:22]} 40. Rg2 {[%emt 0:00:01]} Bxg2 {[%emt 0:00:04]} 41. Qxg2 {[%emt
0:00:01]} Qd1+ {[%emt 0:00:02]} 42. Bf1 {[%emt 0:00:02]} Qb3 {[%emt 0:00:23]}
43. a7 {[%emt 0:00:02]} Qe3+ {[%emt 0:00:05]} 44. Qf2 {[%emt 0:00:01]} Qg5+
{[%emt 0:00:04]} 45. Bg2 {[%emt 0:00:02]} Qc1+ {[%emt 0:00:02]} 46. Kh2 { [%emt
0:00:02]} Qh6+ {[%emt 0:00:02]} 47. Bh3 {[%emt 0:00:01]} Qh8 {[%emt 0:00:14]}
48. fxg6 {[%emt 0:00:01]} Kxg6 {[%emt 0:00:13]} 49. Qg3+ {[%emt 0:00:02]} Kf6
{[%emt 0:00:04]} 50. Qf3+ {[%emt 0:00:02]} Ke7 {[%emt 0:00:04]} 51. a8=Q {
[%emt 0:00:02]} 1-0

[Event "DSJ Weihnachtsturnier U20 2020"]
[Site "https://play.chessbase.com/en/play?room=DSJWeihnachtU20"]
[Date "2020.12.29"]
[Round "6"]
[White "Förster, Nico"]
[Black "Pixa, Karl"]
[Result "0-1"]
[Termination "normal"]
[Board "21.2"]
[WhiteElo "1789"]
[BlackElo "1582"]
[WhiteTeam "Schachfreunde Greiz"]
[BlackTeam "SV Dresden-Striesen 1990"]
[PlyCount "118"]
[WhiteFideId "16292952"]
[BlackFideId "16240480"]
[EventRounds "7"]
[EventType "team-swiss"]
[EventDate "2020.12.29"]

1. e4 {[%emt 0:00:08] DD-Stri1-002 kibitzing!?} c5 {[%emt 0:00:57]} 2. b4 {
[%emt 0:00:04]} cxb4 {[%emt 0:00:03]} 3. Bb2 {[%emt 0:00:03]} Nc6 {[%emt
0:00:05]} 4. d4 {[%emt 0:00:02]} d6 {[%emt 0:00:19]} 5. d5 {[%emt 0:00:05]} Ne5
{ [%emt 0:00:10]} 6. f4 {[%emt 0:00:02]} Ng6 {[%emt 0:00:01]} 7. g3 {[%emt
0:00:07]} Nf6 {[%emt 0:00:28]} 8. Bd3 {[%emt 0:00:03]} e6 {[%emt 0:00:17]} 9.
e5 { [%emt 0:00:10]} Nxd5 {[%emt 0:00:17]} 10. Be4 {[%emt 0:00:04]} dxe5 {[%emt
0:00:05]} 11. Bxg6 {[%emt 0:00:05]} hxg6 {[%emt 0:00:14]} 12. Bxe5 {[%emt
0:00:02]} Qb6 {[%emt 0:00:41]} 13. Bd4 {[%emt 0:00:08]} Bc5 {[%emt 0:00:06]}
14. Nf3 {[%emt 0:00:18]} Bxd4 {[%emt 0:00:12]} 15. Qxd4 {[%emt 0:00:06]} Qxd4
{[%emt 0:00:06]} 16. Nxd4 {[%emt 0:00:09]} Bd7 {[%emt 0:00:03]} 17. Kd2 {[%emt
0:00:03]} O-O-O {[%emt 0:00:22]} 18. c3 {[%emt 0:00:08]} Nxc3 {[%emt 0:00:19]}
19. Nxc3 { [%emt 0:00:00]} bxc3+ {[%emt 0:00:09]} 20. Kxc3 {[%emt 0:00:00]} Bc6
{[%emt 0:00:09]} 21. Nxc6 {[%emt 0:00:06]} bxc6 {[%emt 0:00:00]} 22. h4 {[%emt
0:00:02]} Kc7 {[%emt 0:00:03]} 23. Rab1 {[%emt 0:00:01]} Rd6 {[%emt 0:00:05]}
24. Rb3 { [%emt 0:00:02]} Rhd8 {[%emt 0:00:02]} 25. Rhb1 {[%emt 0:00:06]} Rd3+
{[%emt 0:00:02]} 26. Kc4 {[%emt 0:00:03]} R8d4+ {[%emt 0:00:27]} 27. Kc5 {[%emt
0:00:06] } Rxb3 {[%emt 0:00:23]} 28. Rxb3 {[%emt 0:00:00]} Rd5+ {[%emt
0:00:01]} 29. Kc4 {[%emt 0:00:02]} Rd1 {[%emt 0:00:22]} 30. Ra3 {[%emt
0:00:03]} Kb6 {[%emt 0:00:18]} 31. Rb3+ {[%emt 0:00:03]} Kc7 {[%emt 0:00:14]}
32. Ra3 {[%emt 0:00:04]} Kb7 {[%emt 0:00:14]} 33. Rb3+ {[%emt 0:00:04]} Kc8
{[%emt 0:00:03]} 34. Kc5 { [%emt 0:00:05]} Kc7 {[%emt 0:00:20]} 35. Ra3 {[%emt
0:00:04]} Rd5+ {[%emt 0:00:02]} 36. Kc4 {[%emt 0:00:03]} a5 {[%emt 0:00:03]}
37. Rb3 {[%emt 0:00:12]} e5 { [%emt 0:00:19]} 38. fxe5 {[%emt 0:00:10]} Rxe5
{[%emt 0:00:00]} 39. Rf3 { [%emt 0:00:06]} Rf5 {[%emt 0:00:06]} 40. Re3 {[%emt
0:00:01]} Kd6 {[%emt 0:00:02]} 41. Rd3+ {[%emt 0:00:01]} Rd5 {[%emt 0:00:02]}
42. Rf3 {[%emt 0:00:01]} f6 {[%emt 0:00:09]} 43. Re3 {[%emt 0:00:06]} g5 {[%emt
0:00:06]} 44. hxg5 { [%emt 0:00:04]} Rxg5 {[%emt 0:00:01]} 45. Rd3+ {[%emt
0:00:02]} Rd5 {[%emt 0:00:02]} 46. Re3 {[%emt 0:00:01]} g5 {[%emt 0:00:06]} 47.
Rf3 {[%emt 0:00:02]} f5 {[%emt 0:00:04]} 48. a4 {[%emt 0:00:05]} Ke6 {[%emt
0:00:09]} 49. Re3+ { [%emt 0:00:02]} Re5 {[%emt 0:00:01]} 50. Rd3 {[%emt
0:00:13]} Re4+ {[%emt 0:00:03]} 51. Kc5 {[%emt 0:00:02]} Rxa4 {[%emt 0:00:12]}
52. Kxc6 {[%emt 0:00:02]} Ke5 {[%emt 0:00:17]} 53. Rd5+ {[%emt 0:00:03]} Ke4
{[%emt 0:00:01]} 54. g4 { [%emt 0:00:13]} fxg4 {[%emt 0:00:33]} 55. Rxg5 {[%emt
0:00:03]} Kf3 {[%emt 0:00:01]} 56. Kb5 {[%emt 0:00:03]} Rf4 {[%emt 0:00:10]}
57. Kxa5 {[%emt 0:00:06]} g3 {[%emt 0:00:01]} 58. Kb5 {[%emt 0:00:05]} g2
{[%emt 0:00:03]} 59. Kc5 { [%emt 0:00:10]} Kf2 {[%emt 0:00:09]} 0-1